00343nam a22000977a 4500082001500000100003800015245011000053260002900163300001600192526003700208 a297.7bSAD aSaday, Abdur Rehman bin nasir bin aمحاسن الإسلامbمعاشرے پر اسلامی احکامات کے خوبصورت اثرات aRiaz,bDarasalam,c2000. a63p.c17cm. a0b0c0d297_700000000000000_SAD